000 00381 a2200157 4500
999 _c2898
_d2898
020 _a981411474X
050 _aHD 31 GAB 2003
100 _aGabriel, Vincent
245 _aManagement /
_cVincent Gabriel
250 _a3rd ed.
264 _aSingapore
_bLongman
_c2003
300 _a532p.
500 _aIncludes index
650 _aManagement
942 _2lcc
_cBK
_e3rd ed.
_h31
_iGAB
_kHD